Normal view MARC view

Entry Personal Name

Number of records used in: 1

001 - CONTROL NUMBER

  • control field: 80951

003 - CONTROL NUMBER IDENTIFIER

  • control field: dpl

005 - DATE AND TIME OF LATEST TRANSACTION

  • control field: 20250430115205.0

008 - FIXED-LENGTH DATA ELEMENTS

  • fixed length control field: 250430|| aca||aabn | a|a d

040 ## - CATALOGING SOURCE

  • Original cataloging agency: dpl
  • Transcribing agency: dpl

100 ## - HEADING--PERSONAL NAME

  • Personal name: Shinde,Kavita and Shankar,Bhavani

670 ## - SOURCE DATA FOUND

  • Source citation: Work cat.: (dpl)211117: Shinde,Kavita and Shankar,Bhavani, Gender Sensitization, 2017

© Delhi Public Library
Hit Counter
free hit counter